000 01233nam a2200313 c 4500
003 BLK
005 20250623091243.0
008 180408b bul|||||r ||||||| ||bul||
010 _aKNG00082140000
020 _a978-954-585-870-3
_bиздат.: Бард
040 _aBLK
041 _aBUL
_cBUL
080 _aАмериканска литература (на САЩ)
_b821.111(73)
_x-993
_z821.111(73)-993
100 1 _aБраун, Ласе
_eпърви автор
_9298425
700 1 _aКодинова, Елена Любенова
_d1969-
_eпрев. от англ.
_980337
139 _aБраун, Ласе
_bБ 78
245 1 0 _aЛейди Калигула
_bИст. еротичен епос
_cЛасе Браун; прев. от англ. Елена Любенова Кодинова.
257 _aUSA
260 София
_bБард
_c2008
300 _a992 с.
_c21 см
380 _aX
500 _aОриг. загл. Lady Caligula / Lasse Braun. - Ласе Браун псевд на Алберто Феро
852 _aЦб 238841
856 4 _qpdf
_u
856 4 _qpdf
_u
942 _cKNG
_n0
_034
944 _aCR
_c11.03.2008
_k30542
_lРусанова Ирена
944 _aED
_c08.07.2009
_k
999 _c77680
_d77680